000 00795nam a2200205Ii 4500
003 JO-AjNU
008 230605s9999||||xx |||||||||||||| ||und||
040 _aJO-AjNU
_bara
_erda
_cJO-AjNU
041 _aara
050 1 4 _aDS79.72.M312 1993
100 3 _aبقلم ماكارثر، جون ار.؛ ترجمة برهوم، محمود وناصر، نقولا,
_eauthor
_942387
245 0 0 _aالجبهة الثانية: التضليل الاعلامي في حرب الخليج
250 _aط1
264 3 1 _aعمان: دار الفكر للنشر والتوزيع،1993
300 _a272ص
336 _atext
_btxt
_2rdacontent
337 _aunmediated
_bn
_2rdamedia
338 _avolume
_bnc
_2rdacarrier
650 4 _aالعراق- حرب الخليج-التضليل الاعلامي
_942388
999 _aA18146
_c21714
_d21714